|
|
|
|
| LEADER |
01632cas a2200241 a 4500 |
| 001 |
AALejournalIMF007263 |
| 008 |
230101c9999 xx r poo 0 0eng d |
| 020 |
|
|
|c 5.00 USD
|
| 020 |
|
|
|z 9781455273515
|
| 022 |
|
|
|a 1934-7685
|
| 040 |
|
|
|a BD-DhAAL
|c BD-DhAAL
|
| 110 |
2 |
|
|a International Monetary Fund.
|
| 245 |
1 |
0 |
|a El Salvador :
|b Report on Observance of Standards and Codes; Fiscal Transparency Module.
|
| 264 |
|
1 |
|a Washington, D.C. :
|b International Monetary Fund,
|c 2011.
|
| 300 |
|
|
|a 1 online resource (41 pages)
|
| 490 |
1 |
|
|a IMF Staff Country Reports
|
| 500 |
|
|
|a <strong>Off-Campus Access:</strong> No User ID or Password Required
|
| 500 |
|
|
|a <strong>On-Campus Access:</strong> No User ID or Password Required
|
| 506 |
|
|
|a Electronic access restricted to authorized BRAC University faculty, staff and students
|
| 520 |
3 |
|
|a This report provides an assessment of fiscal transparency practices in El Salvador. Many of the code standards are followed by the country. In addition, fiscal data dissemination and monthly updating will be improved with the recent incorporation of the Finance Ministry's Fiscal Transparency Portal. Reports on the observance of standards and codes (ROSC) are undertaken on a voluntary basis. Rules and responsibilities are provided by the government to maintain the stability. Relations between government and the public and private sectors are discussed.
|
| 538 |
|
|
|a Mode of access: Internet
|
| 830 |
|
0 |
|a IMF Staff Country Reports; Country Report ;
|v No. 2011/147
|
| 856 |
4 |
0 |
|z Full text available on IMF
|u http://elibrary.imf.org/view/journals/002/2011/147/002.2011.issue-147-en.xml
|z IMF e-Library
|